Working group to study the need for changes in micro, small and medium enterprises development ( MSMED) Act, 2006 (Record no. 524722)
[ view plain ]
| 000 -LEADER | |
|---|---|
| fixed length control field | 00426nam a2200097 4500 |
| 082 ## - DEWEY DECIMAL CLASSIFICATION NUMBER | |
| Classification number | T2196x54 In2w |
| 100 ## - MAIN ENTRY--PERSONAL NAME | |
| Personal name | Indian Institute of Public Administration |
| 9 (RLIN) | 42690 |
| 245 ## - TITLE STATEMENT | |
| Title | Working group to study the need for changes in micro, small and medium enterprises development ( MSMED) Act, 2006 |
| Statement of responsibility, etc | By Indian Institute of Public Administrtion |
| 260 ## - PUBLICATION, DISTRIBUTION, ETC. (IMPRINT) | |
| Place of publication, distribution, etc | New Delhi |
| Name of publisher, distributor, etc | Indian Institute of Public Administration |
| Date of publication, distribution, etc | 2023 |
| 300 ## - PHYSICAL DESCRIPTION | |
| Extent | 95p. |
| Withdrawn status | Lost status | Source of classification or shelving scheme | Damaged status | Koha normalized classification for sorting | Not for loan | Permanent location | Current location | Date acquired | Full call number | Barcode | Date last seen | Price effective from | Koha item type | Copy number |
|---|---|---|---|---|---|---|---|---|---|---|---|---|---|---|
| T_2196X54_IN2W | Indian Institute of Public Administration | Indian Institute of Public Administration | 2024-01-15 | T2196x54 In2w | GG35053 | 2024-01-15 | 2024-01-15 | GG | ||||||
| T_2196X54_IN2W | Indian Institute of Public Administration | Indian Institute of Public Administration | 2024-01-15 | T2196x54 In2w | gg354054 | 2024-01-15 | 2024-01-15 | GG | c.2 |
